[Event "DEM U10 2018"]
[Site "Willingen GER"]
[Date "2018.05.20"]
[Round "1"]
[White "Ermitsch, Magnus"]
[Black "Klonov, Jakov"]
[Result "1/2-1/2"]
[Termination "normal"]
[Board "7"]
[WhiteElo "1560"]
[BlackElo "1264"]
[WhiteClock "00:26:06"]
[BlackClock "00:54:53"]
[PlyCount "94"]
[WhiteFideId "16234464"]
[BlackFideId "16211928"]
[EventCountry "GER"]
[EventRounds "11"]
[EventType "swiss"]
[EventDate "2018.05.19"]

1. e4 {[%clk 1:15:57]} 1... c5 {[%clk 1:15:54]} 2. Nf3 {[%clk 1:16:20]} 2...
Nc6 {[%clk 1:16:19]} 3. d4 {[%clk 1:16:18]} 3... cxd4 {[%clk 1:16:42]} 4. Nxd4
{[%clk 1:16:41]} 4... g6 {[%clk 1:16:58]} 5. c4 {[%clk 1:17:03]} 5... Bg7 {
[%clk 1:17:23]} 6. Be3 {[%clk 1:16:50]} 6... Nf6 {[%clk 1:17:42]} 7. Nc3 {
[%clk 1:16:32]} 7... O-O {[%clk 1:17:59]} 8. Be2 {[%clk 1:16:18]} 8... Nxd4 {
[%clk 1:17:51]} 9. Bxd4 {[%clk 1:16:37]} 9... d6 {[%clk 1:18:10]} 10. O-O {
[%clk 1:15:52]} 10... Bd7 {[%clk 1:18:21]} 11. f3 {[%clk 1:16:06]} 11... Bc6 {
[%clk 1:18:27]} 12. b4 {[%clk 1:16:28]} 12... a6 {[%clk 1:17:42]} 13. a4 {
[%clk 1:15:24]} 13... b6 {[%clk 1:16:18]} 14. b5 {[%clk 1:12:58]} 14... axb5 {
[%clk 1:16:20]} 15. axb5 {[%clk 1:13:13]} 15... Bb7 {[%clk 1:15:23]} 16. Rxa8 {
[%clk 1:08:36]} 16... Bxa8 {[%clk 1:13:27]} 17. Bf2 {[%clk 1:07:53]} 17... Nd7
{[%clk 1:12:59]} 18. Na4 {[%clk 1:04:25]} 18... Nc5 {[%clk 1:11:03]} 19. Nxc5 {
[%clk 1:03:41]} 19... dxc5 {[%clk 1:11:14]} 20. Qxd8 {[%clk 1:02:41]} 20...
Rxd8 {[%clk 1:11:29]} 21. Bg3 {[%clk 1:02:48]} 21... Bd4+ {[%clk 1:10:53]} 22.
Kh1 {[%clk 1:02:59]} 22... Rd7 {[%clk 1:10:13]} 23. Rd1 {[%clk 1:01:08]} 23...
Bb7 {[%clk 1:08:16]} 24. Rd3 {[%clk 1:00:57]} 24... Kf8 {[%clk 1:07:21]} 25. e5
{[%clk 0:58:50]} 25... e6 {[%clk 1:07:11]} 26. Ra3 {[%clk 0:58:14]} 26... Ke8 {
[%clk 1:07:07]} 27. h3 {[%clk 0:56:39]} 27... Bb2 {[%clk 1:05:17]} 28. Rd3 {
[%clk 0:53:00]} 28... Rxd3 {[%clk 1:05:34]} 29. Bxd3 {[%clk 0:53:23]} 29... Kd7
{[%clk 1:05:29]} 30. f4 {[%clk 0:52:29]} 30... Bc1 {[%clk 1:05:19]} 31. Kg1 {
[%clk 0:51:11]} 31... Ke7 {[%clk 1:02:03]} 32. Bh4+ {[%clk 0:50:38]} 32... Kd7
{[%clk 1:01:47]} 33. Bg5 {[%clk 0:50:29]} 33... Be3+ {[%clk 1:01:43]} 34. Kf1 {
[%clk 0:50:47]} 34... Bd4 {[%clk 1:01:41]} 35. Be2 {[%clk 0:44:26]} 35... Be4 {
[%clk 1:01:43]} 36. g4 {[%clk 0:42:50]} 36... Be3 {[%clk 1:01:08]} 37. h4 {
[%clk 0:38:37]} 37... Ke8 {[%clk 1:00:08]} 38. Ke1 {[%clk 0:38:36]} 38... Kd7 {
[%clk 0:59:36]} 39. h5 {[%clk 0:37:42]} 39... Ke8 {[%clk 0:58:27]} 40. hxg6 {
[%clk 0:34:49]} 40... hxg6 {[%clk 0:58:37]} 41. Kd1 {[%clk 0:32:17]} 41... Kd7
{[%clk 0:58:28]} 42. Bf1 {[%clk 0:30:01]} 42... Bf3+ {[%clk 0:57:51]} 43. Kc2 {
[%clk 0:29:07]} 43... Bxg4 {[%clk 0:57:47]} 44. Kd3 {[%clk 0:28:52]} 44... Bd4
{[%clk 0:58:00]} 45. Bg2 {[%clk 0:29:07]} 45... Bf5+ {[%clk 0:57:55]} 46. Kd2 {
[%clk 0:26:01]} 46... Kc7 {[%clk 0:54:53]} 47. Bc6 {[%clk 0:26:06]} 47... Ba1
1/2-1/2

[Event "DEM U10 2018"]
[Site "Willingen GER"]
[Date "2018.05.20"]
[Round "1"]
[White "Cernov, Henrik"]
[Black "Krüger, Aurelian"]
[Result "1/2-1/2"]
[Termination "normal"]
[Board "8"]
[WhiteElo "1353"]
[BlackElo "1469"]
[WhiteClock "00:24:57"]
[BlackClock "00:11:03"]
[PlyCount "48"]
[WhiteFideId "16258312"]
[BlackFideId "16230400"]
[EventCountry "GER"]
[EventRounds "11"]
[EventType "swiss"]
[EventDate "2018.05.19"]

1. e4 {[%clk 1:15:57]} 1... e6 {[%clk 1:15:55]} 2. d4 {[%clk 1:16:22]} 2... d5
{[%clk 1:16:21]} 3. e5 {[%clk 1:16:46]} 3... c5 {[%clk 1:16:45]} 4. c3 { [%clk
1:17:12]} 4... Nc6 {[%clk 1:17:08]} 5. Nf3 {[%clk 1:17:24]} 5... Qb6 { [%clk
1:17:05]} 6. a3 {[%clk 1:17:38]} 6... a5 {[%clk 1:16:50]} 7. Bd3 { [%clk
1:15:39]} 7... Bd7 {[%clk 1:15:03]} 8. Bc2 {[%clk 1:12:54]} 8... cxd4 { [%clk
1:07:04]} 9. cxd4 {[%clk 1:13:14]} 9... Nge7 {[%clk 1:05:12]} 10. g4 { [%clk
1:06:49]} 10... Rc8 {[%clk 0:59:58]} 11. Nc3 {[%clk 1:04:21]} 11... Na7 { [%clk
0:54:07]} 12. h4 {[%clk 0:55:12]} 12... Qc7 {[%clk 0:46:52]} 13. Qe2 { [%clk
0:48:47]} 13... b5 {[%clk 0:38:09]} 14. Bd3 {[%clk 0:42:31]} 14... b4 { [%clk
0:30:43]} 15. axb4 {[%clk 0:42:03]} 15... axb4 {[%clk 0:28:26]} 16. Nd1 { [%clk
0:41:32]} 16... Nec6 {[%clk 0:26:59]} 17. h5 {[%clk 0:38:29]} 17... Na5 { [%clk
0:22:28]} 18. Nd2 {[%clk 0:34:22]} 18... Qb6 {[%clk 0:18:46]} 19. Qe3 { [%clk
0:34:13]} 19... Nb5 {[%clk 0:18:27]} 20. Bxb5 {[%clk 0:30:57]} 20... Bxb5
{[%clk 0:18:28]} 21. f4 {[%clk 0:30:00]} 21... Be7 {[%clk 0:16:25]} 22. f5 {
[%clk 0:28:16]} 22... h6 {[%clk 0:13:54]} 23. Nf3 {[%clk 0:26:00]} 23... Nc4 {
[%clk 0:13:03]} 24. Qg1 {[%clk 0:24:57]} 24... Qd8 {[%clk 0:11:03]} 1/2-1/2

[Event "DEM U10 2018"]
[Site "Willingen GER"]
[Date "2018.05.20"]
[Round "1"]
[White "Grabs, Peter"]
[Black "Pauscher, Moritz"]
[Result "1-0"]
[Termination "normal"]
[Board "9"]
[WhiteTitle "CM"]
[WhiteElo "1480"]
[BlackElo "1351"]
[WhiteClock "00:47:23"]
[BlackClock "00:18:01"]
[PlyCount "87"]
[WhiteFideId "16203887"]
[BlackFideId "16265742"]
[EventCountry "GER"]
[EventRounds "11"]
[EventType "swiss"]
[EventDate "2018.05.19"]

1. e4 {[%clk 1:15:59]} 1... e5 {[%clk 1:15:54]} 2. Nf3 {[%clk 1:16:25]} 2...
Nc6 {[%clk 1:16:19]} 3. Bb5 {[%clk 1:16:51]} 3... Qf6 {[%clk 1:16:27]} 4. Nc3 {
[%clk 1:17:07]} 4... Bc5 {[%clk 1:16:42]} 5. Nd5 {[%clk 1:16:54]} 5... Qd6 {
[%clk 1:16:26]} 6. O-O {[%clk 1:15:28]} 6... Nd4 {[%clk 1:15:59]} 7. Nxd4 {
[%clk 1:15:31]} 7... Bxd4 {[%clk 1:15:49]} 8. c3 {[%clk 1:15:34]} 8... Bb6 {
[%clk 1:15:46]} 9. Nxb6 {[%clk 1:14:49]} 9... axb6 {[%clk 1:15:19]} 10. Ba4 {
[%clk 1:14:41]} 10... Nf6 {[%clk 1:14:42]} 11. Re1 {[%clk 1:14:45]} 11... h6 {
[%clk 1:13:05]} 12. d4 {[%clk 1:14:07]} 12... O-O {[%clk 1:12:51]} 13. f4 {
[%clk 1:14:19]} 13... Qe7 {[%clk 1:11:45]} 14. fxe5 {[%clk 1:13:50]} 14... Ne8
{[%clk 1:11:20]} 15. Bc2 {[%clk 1:14:04]} 15... d6 {[%clk 1:10:11]} 16. exd6 {
[%clk 1:12:48]} 16... cxd6 {[%clk 1:10:15]} 17. e5 {[%clk 1:12:05]} 17... dxe5
{[%clk 1:05:06]} 18. Rxe5 {[%clk 1:11:03]} 18... Qd6 {[%clk 1:04:07]} 19. Qe2 {
[%clk 1:10:43]} 19... Nf6 {[%clk 1:03:41]} 20. Bf4 {[%clk 1:06:12]} 20... Qd7 {
[%clk 0:58:57]} 21. Re7 {[%clk 1:05:15]} 21... Qg4 {[%clk 0:58:13]} 22. Qxg4 {
[%clk 1:05:04]} 22... Bxg4 {[%clk 0:58:11]} 23. Rxb7 {[%clk 1:04:22]} 23... Ra6
{[%clk 0:55:57]} 24. Bd3 {[%clk 1:04:19]} 24... Raa8 {[%clk 0:56:05]} 25. Rxb6
{[%clk 1:04:18]} 25... Nd5 {[%clk 0:55:24]} 26. Be4 {[%clk 1:03:30]} 26... Nxb6
{[%clk 0:55:32]} 27. Bxa8 {[%clk 1:03:22]} 27... Rxa8 {[%clk 0:55:36]} 28. b3 {
[%clk 1:03:05]} 28... Be6 {[%clk 0:51:51]} 29. c4 {[%clk 1:03:13]} 29... Nd7 {
[%clk 0:50:40]} 30. d5 {[%clk 1:02:37]} 30... Bf5 {[%clk 0:50:55]} 31. d6 {
[%clk 1:01:20]} 31... Nc5 {[%clk 0:46:32]} 32. b4 {[%clk 1:00:04]} 32... Nd3 {
[%clk 0:44:45]} 33. Bd2 {[%clk 0:58:39]} 33... Be6 {[%clk 0:42:45]} 34. c5 {
[%clk 0:58:38]} 34... Kf8 {[%clk 0:41:10]} 35. c6 {[%clk 0:52:25]} 35... Ke8 {
[%clk 0:37:44]} 36. d7+ {[%clk 0:49:26]} 36... Kd8 {[%clk 0:35:16]} 37. a4 {
[%clk 0:49:26]} 37... Kc7 {[%clk 0:30:33]} 38. b5 {[%clk 0:48:23]} 38... g5 {
[%clk 0:28:13]} 39. Ba5+ {[%clk 0:47:38]} 39... Rxa5 {[%clk 0:24:10]} 40. b6+ {
[%clk 0:47:51]} 40... Kxc6 {[%clk 0:22:20]} 41. d8=Q {[%clk 0:48:00]} 41... Ne5
{[%clk 0:19:36]} 42. Qc7+ {[%clk 0:47:39]} 42... Kd5 {[%clk 0:19:38]} 43. b7 {
[%clk 0:47:25]} 43... Nc6 {[%clk 0:18:01]} 44. Rd1+ {[%clk 0:47:23]} 1-0

[Event "DEM U10 2018"]
[Site "Willingen GER"]
[Date "2018.05.20"]
[Round "1"]
[White "Schreidl, Michael"]
[Black "Held, Momme Fredrik"]
[Result "1-0"]
[Termination "normal"]
[Board "10"]
[WhiteElo "1325"]
[BlackElo "1674"]
[WhiteClock "00:35:14"]
[BlackClock "01:04:42"]
[PlyCount "81"]
[WhiteFideId "16265750"]
[BlackFideId "16237692"]
[EventCountry "GER"]
[EventRounds "11"]
[EventType "swiss"]
[EventDate "2018.05.19"]

1. e4 {[%clk 1:15:58]} 1... e5 {[%clk 1:15:54]} 2. Nf3 {[%clk 1:16:24]} 2...
Nc6 {[%clk 1:16:19]} 3. Bc4 {[%clk 1:16:49]} 3... Nf6 {[%clk 1:16:40]} 4. Ng5 {
[%clk 1:17:13]} 4... d5 {[%clk 1:17:04]} 5. exd5 {[%clk 1:17:39]} 5... Na5 {
[%clk 1:17:28]} 6. Bb5+ {[%clk 1:18:02]} 6... c6 {[%clk 1:17:51]} 7. dxc6 {
[%clk 1:18:27]} 7... bxc6 {[%clk 1:18:14]} 8. Qf3 {[%clk 1:18:47]} 8... Be7 {
[%clk 1:18:37]} 9. Bd3 {[%clk 1:18:06]} 9... O-O {[%clk 1:17:45]} 10. O-O {
[%clk 1:17:58]} 10... h6 {[%clk 1:16:56]} 11. Ne4 {[%clk 1:18:07]} 11... Nd5 {
[%clk 1:15:05]} 12. Ng3 {[%clk 1:14:08]} 12... Nf4 {[%clk 1:12:15]} 13. Nc3
13... Bb7 {[%clk 1:11:11]} 14. Be4 {[%clk 1:00:36]} 14... g6 {[%clk 1:10:29]}
15. Qg4 {[%clk 0:57:26]} 15... h5 {[%clk 1:08:10]} 16. Qd1 {[%clk 0:51:54]}
16... f5 {[%clk 1:08:03]} 17. Bf3 {[%clk 0:51:16]} 17... e4 {[%clk 1:08:05]}
18. Be2 {[%clk 0:51:37]} 18... h4 {[%clk 1:08:25]} 19. Nh1 {[%clk 0:51:54]}
19... Bd6 {[%clk 1:08:16]} 20. d3 {[%clk 0:44:09]} 20... Qg5 {[%clk 1:08:07]}
21. Bxf4 {[%clk 0:43:21]} 21... Qxf4 {[%clk 1:08:28]} 22. g3 {[%clk 0:42:39]}
22... hxg3 {[%clk 1:08:31]} 23. Nxg3 {[%clk 0:41:15]} 23... Qg5 {[%clk 1:08:33]
} 24. dxe4 {[%clk 0:40:47]} 24... Rad8 {[%clk 1:08:41]} 25. Qc1 {[%clk 0:40:12]
} 25... Bf4 {[%clk 1:07:31]} 26. Qb1 {[%clk 0:39:35]} 26... Bxg3 { [%clk
1:05:49]} 27. fxg3 {[%clk 0:39:43]} 27... Qe3+ {[%clk 1:05:59]} 28. Kg2 { [%clk
0:39:53]} 28... c5 {[%clk 1:05:17]} 29. Qe1 {[%clk 0:36:38]} 29... Rd2 { [%clk
1:05:02]} 30. Rf2 {[%clk 0:36:34]} 30... Bxe4+ {[%clk 1:04:34]} 31. Nxe4 {[%clk
0:36:39]} 31... Qxe4+ {[%clk 1:04:50]} 32. Kg1 {[%clk 0:36:22]} 32... Re8
{[%clk 1:04:49]} 33. Qxd2 {[%clk 0:36:29]} 33... Nc6 {[%clk 1:05:04]} 34. Bf3
{[%clk 0:35:42]} 34... Qe6 {[%clk 1:04:48]} 35. Bd5 {[%clk 0:35:58]} 35... Nd4
{[%clk 1:03:48]} 36. Bxe6+ {[%clk 0:36:09]} 36... Rxe6 {[%clk 1:04:11]} 37. Re1
{[%clk 0:35:26]} 37... Rd6 {[%clk 1:04:33]} 38. Qf4 {[%clk 0:35:01]} 38... Rb6
{[%clk 1:04:12]} 39. c3 {[%clk 0:34:38]} 39... Ne6 {[%clk 1:04:31]} 40. Qc4
{[%clk 0:34:55]} 40... Kf7 {[%clk 1:04:42]} 41. Rfe2 {[%clk 0:35:14]} 1-0

[Event "DEM U10 2018"]
[Site "Willingen GER"]
[Date "2018.05.20"]
[Round "1"]
[White "Kocharin, Timur"]
[Black "Scheerer, Julian"]
[Result "1-0"]
[Termination "normal"]
[Board "11"]
[WhiteElo "1280"]
[BlackElo "1301"]
[WhiteClock "01:02:52"]
[BlackClock "00:40:02"]
[PlyCount "59"]
[WhiteFideId "16240936"]
[BlackFideId "16265769"]
[EventCountry "GER"]
[EventRounds "11"]
[EventType "swiss"]
[EventDate "2018.05.19"]

1. e4 {[%clk 1:15:54]} 1... e5 {[%clk 1:15:52]} 2. Nf3 {[%clk 1:16:10]} 2...
Nc6 {[%clk 1:16:14]} 3. d4 {[%clk 1:16:24]} 3... exd4 {[%clk 1:16:28]} 4. Nxd4
{[%clk 1:16:36]} 4... Bc5 {[%clk 1:16:37]} 5. Be3 {[%clk 1:16:44]} 5... Qf6 {
[%clk 1:16:41]} 6. c3 {[%clk 1:16:48]} 6... Nge7 {[%clk 1:16:05]} 7. Qa4 {
[%clk 1:16:48]} 7... Bb6 {[%clk 1:13:39]} 8. Be2 {[%clk 1:15:39]} 8... Nxd4 {
[%clk 1:12:48]} 9. cxd4 {[%clk 1:15:30]} 9... Nc6 {[%clk 1:12:09]} 10. e5 {
[%clk 1:15:46]} 10... Qg6 {[%clk 1:07:18]} 11. O-O {[%clk 1:15:46]} 11... O-O {
[%clk 1:06:50]} 12. Nc3 {[%clk 1:15:38]} 12... d6 {[%clk 1:06:04]} 13. exd6 {
[%clk 1:12:38]} 13... Bh3 {[%clk 1:06:01]} 14. Bf3 {[%clk 1:12:57]} 14... cxd6
{[%clk 1:05:21]} 15. Be4 {[%clk 1:12:18]} 15... f5 {[%clk 1:01:00]} 16. Bd5+ {
[%clk 1:12:23]} 16... Kh8 {[%clk 1:00:01]} 17. f4 {[%clk 1:10:57]} 17... Rae8 {
[%clk 0:59:00]} 18. Bf2 {[%clk 1:09:43]} 18... a5 {[%clk 0:56:47]} 19. Bxc6 {
[%clk 1:09:23]} 19... bxc6 {[%clk 0:55:03]} 20. Qxc6 {[%clk 1:09:32]} 20... Re4
{[%clk 0:50:13]} 21. Bg3 {[%clk 1:03:36]} 21... Rxd4 {[%clk 0:45:35]} 22. Qxb6
{[%clk 1:03:55]} 22... Rd3 {[%clk 0:44:38]} 23. Qf2 {[%clk 1:04:03]} 23... h5 {
[%clk 0:43:14]} 24. Rad1 {[%clk 1:03:34]} 24... Rxd1 {[%clk 0:42:00]} 25. Rxd1
{[%clk 1:02:56]} 25... Bg4 {[%clk 0:40:34]} 26. Re1 {[%clk 1:02:41]} 26... Re8
{[%clk 0:40:17]} 27. Rxe8+ {[%clk 1:03:02]} 27... Qxe8 {[%clk 0:40:35]} 28. Qe1
{[%clk 1:03:25]} 28... Qxe1+ {[%clk 0:40:26]} 29. Bxe1 {[%clk 1:02:59]} 29...
Kg8 {[%clk 0:40:02]} 30. h3 {[%clk 1:02:52]} 1-0

[Event "DEM U10 2018"]
[Site "Willingen GER"]
[Date "2018.05.20"]
[Round "1"]
[White "Itin, Timofey"]
[Black "Sundui, Chinguun"]
[Result "0-1"]
[Termination "normal"]
[Board "12"]
[WhiteElo "1298"]
[BlackElo "1424"]
[WhiteClock "01:16:50"]
[BlackClock "00:50:14"]
[PlyCount "62"]
[WhiteFideId "16265777"]
[BlackFideId "4907930"]
[EventCountry "GER"]
[EventRounds "11"]
[EventType "swiss"]
[EventDate "2018.05.19"]

1. e4 {[%clk 1:15:57]} 1... c5 {[%clk 1:15:51]} 2. Nc3 {[%clk 1:16:10]} 2... d6
{[%clk 1:16:06]} 3. d3 {[%clk 1:16:25]} 3... Nc6 {[%clk 1:16:22]} 4. g3 { [%clk
1:16:42]} 4... Nf6 {[%clk 1:16:15]} 5. Bg5 {[%clk 1:17:00]} 5... e6 { [%clk
1:14:39]} 6. Bh3 {[%clk 1:17:03]} 6... Be7 {[%clk 1:14:05]} 7. a3 { [%clk
1:17:03]} 7... Nxe4 {[%clk 1:11:45]} 8. Bxe7 {[%clk 1:17:21]} 8... Nxc3 { [%clk
1:12:06]} 9. Bxd8 {[%clk 1:17:40]} 9... Nxd1 {[%clk 1:12:31]} 10. Kxd1 { [%clk
1:17:48]} 10... Nxd8 {[%clk 1:12:49]} 11. Ne2 {[%clk 1:18:00]} 11... Nc6 {[%clk
1:12:55]} 12. Kd2 {[%clk 1:18:11]} 12... Bd7 {[%clk 1:11:50]} 13. Bg2 { [%clk
1:18:23]} 13... d5 {[%clk 1:10:25]} 14. Rad1 {[%clk 1:18:42]} 14... Rc8 { [%clk
1:10:15]} 15. Kc1 {[%clk 1:18:55]} 15... a6 {[%clk 1:09:28]} 16. Rhe1 { [%clk
1:19:10]} 16... O-O {[%clk 1:09:11]} 17. c3 {[%clk 1:19:28]} 17... b5 { [%clk
1:09:25]} 18. c4 {[%clk 1:19:18]} 18... bxc4 {[%clk 1:08:50]} 19. dxc4 { [%clk
1:19:45]} 19... d4 {[%clk 1:09:05]} 20. Kb1 {[%clk 1:19:54]} 20... Rb8 { [%clk
1:08:50]} 21. Nc1 {[%clk 1:18:59]} 21... Na5 {[%clk 1:08:27]} 22. Bf1 { [%clk
1:18:27]} 22... Rfd8 {[%clk 1:03:43]} 23. Re4 {[%clk 1:18:24]} 23... Bc6 {[%clk
1:01:39]} 24. Rh4 {[%clk 1:18:42]} 24... Bf3 {[%clk 1:00:04]} 25. Rd3 { [%clk
1:18:15]} 25... g5 {[%clk 0:58:40]} 26. Rh6 {[%clk 1:16:46]} 26... Be4 { [%clk
0:55:46]} 27. Na2 {[%clk 1:16:20]} 27... Kg7 {[%clk 0:53:31]} 28. Rh5 { [%clk
1:16:24]} 28... Kg6 {[%clk 0:52:53]} 29. Rh3 {[%clk 1:16:38]} 29... f5 { [%clk
0:51:55]} 30. Ka1 {[%clk 1:16:44]} 30... e5 {[%clk 0:49:51]} 31. Rd2 { [%clk
1:16:50]} 31... Nb3# {[%clk 0:50:14]} 0-1

[Event "DEM U10 2018"]
[Site "Willingen GER"]
[Date "2018.05.20"]
[Round "1"]
[White "Kempe, Caius Emilian"]
[Black "Weyerer, Noah"]
[Result "1/2-1/2"]
[Termination "normal"]
[Board "13"]
[WhiteElo "1522"]
[BlackElo "1263"]
[PlyCount "54"]
[WhiteFideId "16246861"]
[BlackFideId "16250664"]
[EventCountry "GER"]
[EventRounds "11"]
[EventType "swiss"]
[EventDate "2018.05.19"]

1. d4 d6 2. e4 Nf6 3. Nc3 e5 4. dxe5 dxe5 5. Qxd8+ Kxd8 6. Bg5 Be6 7. O-O-O+
Bd6 8. Nf3 Kc8 9. a3 Nc6 10. Bb5 a6 11. Ba4 b5 12. Bb3 Bxb3 13. cxb3 b4 14.
Bxf6 bxc3 15. Bg5 cxb2+ 16. Kxb2 f6 17. Be3 Kd7 18. Bc5 Ke6 19. Bxd6 cxd6 20.
Rd3 Rhb8 21. Rhd1 Rd8 {(=)} 22. Rc1 Rac8 23. Rdc3 Kd7 24. b4 Rc7 25. Nd2 Rb8
26. Nb3 Rbb7 27. f3 Ne7 1/2-1/2

[Event "DEM U10 2018"]
[Site "Willingen GER"]
[Date "2018.05.20"]
[Round "1"]
[White "Policarpo, Raphael"]
[Black "Rumpold, Jaron"]
[Result "1-0"]
[Termination "normal"]
[Board "15"]
[WhiteElo "1640"]
[BlackElo "1259"]
[PlyCount "77"]
[WhiteFideId "16237676"]
[BlackFideId "16265793"]
[EventCountry "GER"]
[EventRounds "11"]
[EventType "swiss"]
[EventDate "2018.05.19"]

1. e4 c5 2. Nf3 d6 3. d4 cxd4 4. Nxd4 Nc6 5. Nc3 Nf6 6. Bc4 e5 7. Nf3 Be7 8.
O-O O-O 9. Kh1 Be6 10. Bxe6 fxe6 11. Ng5 Qd7 12. f4 d5 13. Nxe6 Qxe6 14. exd5
Nxd5 15. Nxd5 Rad8 16. Nxe7+ Qxe7 17. Qe2 Qf6 18. Be3 exf4 19. Qc4+ Kh8 20.
Qxf4 Qe7 21. Qg3 Rde8 22. Rae1 Rxf1+ 23. Rxf1 a5 24. Qf3 Nb4 25. Qf5 Nxc2 26.
Bg5 Qe1 27. Be3 Qxf1+ 28. Qxf1 Nxe3 29. Qe2 Rf8 30. h3 Nd5 31. Qb5 Nb4 32. Qxa5
Nd3 33. Qa3 Nf2+ 34. Kg1 Kg8 35. Qb3+ Rf7 36. Qg3 Ne4 37. Qb8+ Rf8 38. Qxb7 Ng3
39. Qb3+ 1-0

[Event "DEM U10 2018"]
[Site "Willingen GER"]
[Date "2018.05.20"]
[Round "1"]
[White "Burkart, Lloyd Shang"]
[Black "Klaska, Philipp Leon"]
[Result "0-1"]
[Termination "normal"]
[Board "16"]
[WhiteElo "1254"]
[BlackElo "1272"]
[PlyCount "104"]
[WhiteFideId "16239059"]
[BlackFideId "16238044"]
[EventCountry "GER"]
[EventRounds "11"]
[EventType "swiss"]
[EventDate "2018.05.19"]

1. d4 d5 2. c4 e6 3. Nc3 Nf6 4. cxd5 exd5 5. Bg5 c6 6. e3 Be7 7. Bd3 O-O 8. Qc2
Nbd7 9. Nf3 g6 10. O-O Re8 11. Rab1 Nh5 12. Bxe7 Qxe7 13. b4 a6 14. a4 Nb6 15.
Ne5 Ng7 16. b5 axb5 17. axb5 c5 18. Nf3 c4 19. Be2 Bf5 20. e4 Bxe4 21. Nxe4
Qxe4 22. Qxe4 Rxe4 23. Rfe1 Nf5 24. Rbd1 Ra5 25. g4 Rxg4+ 26. Kh1 Rxb5 27. Bf1
Rb2 28. Re8+ Kg7 29. Re2 Rxe2 30. Bxe2 Re4 31. Bf1 Nh4 32. Nxh4 Rxh4 33. Bg2
Rf4 34. Kg1 Rf6 35. Rb1 Rc6 36. Rc1 Kf6 37. Kf1 Ke6 38. Ke2 Na4 39. Bh3+ f5 40.
Kd2 b5 41. Rb1 Rb6 42. Bf1 b4 43. Be2 b3 44. Bd1 c3+ 45. Kd3 c2 46. Bxc2 bxc2
47. Rxb6+ Nxb6 48. Kxc2 f4 49. f3 g5 50. Kb3 g4 51. Kc2 g3 52. hxg3 fxg3 0-1

[Event "DEM U10 2018"]
[Site "Willingen GER"]
[Date "2018.05.20"]
[Round "1"]
[White "Strehse, Nelson"]
[Black "Henzgen, Pascal"]
[Result "1-0"]
[Termination "normal"]
[Board "17"]
[WhiteElo "1201"]
[BlackElo "1223"]
[PlyCount "182"]
[WhiteFideId "16228898"]
[BlackFideId "16263138"]
[EventCountry "GER"]
[EventRounds "11"]
[EventType "swiss"]
[EventDate "2018.05.19"]

1. e4 e5 2. Nf3 Nc6 3. Bc4 Be7 4. Nc3 Nf6 5. d3 d6 6. h3 Be6 7. Bb5 O-O 8. Be3
a6 9. Ba4 b5 10. Bb3 d5 11. exd5 Nxd5 12. Nxd5 Bxd5 13. O-O Bxb3 14. axb3 Bf6
15. Nd2 Re8 16. Ne4 Be7 17. f4 f5 18. Nc3 exf4 19. Rxf4 Bg5 20. Rxf5 Bxe3+ 21.
Kh1 Nd4 22. Rd5 Qc8 23. Ne4 Nf5 24. Qf3 Rf8 25. Rxf5 Qxf5 26. Qxe3 Qe5 27. d4
Qf4 28. Qd3 Rf7 29. Nc5 Qd6 30. Qe4 Raf8 31. Kg1 a5 32. c4 bxc4 33. bxc4 c6 34.
Rd1 Qg3 35. Qe1 Rf1+ 36. Qxf1 Rxf1+ 37. Kxf1 h6 38. Rd3 Qf4+ 39. Ke2 a4 40.
Nxa4 Qe4+ 41. Kd2 Qxg2+ 42. Kc3 Qg1 43. Nc5 Qe1+ 44. Rd2 Qe3+ 45. Rd3 Qc1+ 46.
Kb3 g5 47. Nd7 Qf1 48. Ne5 h5 49. Kc3 Qe1+ 50. Kb3 c5 51. Nf3 Qg3 52. Ne5 Qe1
53. Nf3 Qe2 54. Kc3 g4 55. hxg4 hxg4 56. Ne5 Qe1+ 57. Kb3 cxd4 58. Nxg4 Qe2 59.
Rxd4 Qf3+ 60. Kb4 Qb7+ 61. Kc3 Qg7 62. Kd3 Qg6+ 63. Kc3 Qg7 64. Kd3 Qh7+ 65.
Kd2 Qg7 66. Rd8+ Kh7 67. Ne3 Qxb2+ 68. Nc2 Qg7 69. Rd3 Qg2+ 70. Kc3 Qg4 71. Ne3
Qg7+ 72. Kc2 Qg6 73. Kc3 Qg7+ 74. Rd4 Qe5 75. Kd3 Qg7 76. Ng4 Qg6+ 77. Ke3 Qg5+
78. Kd3 Qf5+ 79. Ke3 Kg6 80. Ke2 Qf8 81. Kd2 Qb4+ 82. Kc2 Qa4+ 83. Kb2 Qb4+ 84.
Kc2 Qa4+ 85. Kc3 Qa3+ 86. Kc2 Qa2+ 87. Kd3 Qb3+ 88. Ke4 Qc2+ 89. Ke5 Qe2+ 90.
Re4 Qb2+ 91. Kd5 Qb5+ 1-0

[Event "DEM U10 2018"]
[Site "Willingen GER"]
[Date "2018.05.20"]
[Round "1"]
[White "Toth, Luca"]
[Black "Fruth, David"]
[Result "0-1"]
[Termination "normal"]
[Board "18"]
[WhiteElo "1218"]
[BlackElo "1482"]
[PlyCount "104"]
[WhiteFideId "16260228"]
[BlackFideId "16257596"]
[EventCountry "GER"]
[EventRounds "11"]
[EventType "swiss"]
[EventDate "2018.05.19"]

1. e4 e5 2. Nf3 Nf6 3. Nxe5 Qe7 4. Nf3 Nxe4 5. Be2 g6 6. d4 d5 7. Bf4 Qb4+ 8.
Nbd2 Nxd2 9. Bxd2 Qxb2 10. Bf4 Qb4+ 11. Bd2 Qe7 12. O-O Bg7 13. Bb5+ c6 14. Re1
Be6 15. Bd3 O-O 16. Rb1 b6 17. Be2 Qc7 18. Bc3 Nd7 19. Qd3 Nf6 20. Qd2 Bg4 21.
Ne5 Rae8 22. Bb4 c5 23. dxc5 bxc5 24. Ba5 Qd6 25. f4 Rb8 26. h3 Be6 27. Bb5 Nd7
28. Nc6 Rxb5 29. Ne7+ Qxe7 30. Rxb5 Qd6 31. Reb1 Bh6 32. Rf1 Bf5 33. Rb7 Qa6
34. Rfb1 d4 35. R7b5 Qd6 36. Rf1 Rb8 37. Rxb8+ Qxb8 38. Qc1 Qb5 39. Bd2 Qc4 40.
Qb2 Qxc2 41. Qxc2 Bxc2 42. Rc1 Bf5 43. g4 Bd3 44. g5 Bg7 45. Ba5 c4 46. Kf2 f6
47. Bd8 fxg5 48. fxg5 Kf7 49. Ba5 Be5 50. Kf3 Ke6 51. a4 Kf5 52. Bd8 c3 0-1

[Event "DEM U10 2018"]
[Site "Willingen GER"]
[Date "2018.05.20"]
[Round "1"]
[White "Korek, Jakob Alexander"]
[Black "Müller, Mitja"]
[Result "1-0"]
[Termination "normal"]
[Board "19"]
[WhiteElo "1517"]
[BlackElo "1215"]
[PlyCount "35"]
[WhiteFideId "16240022"]
[BlackFideId "16265807"]
[EventCountry "GER"]
[EventRounds "11"]
[EventType "swiss"]
[EventDate "2018.05.19"]

1. e4 c5 2. Nf3 e6 3. c4 Nf6 4. Nc3 a6 5. Be2 Nc6 6. d4 cxd4 7. Nxd4 Qc7 8. O-O
Bc5 9. Nb3 Be7 10. Be3 h5 11. f3 h4 12. f4 e5 13. Nd5 Qd8 14. Bb6 Nxd5 15. Bxd8
Ne3 16. Qd3 Nxf1 17. Bxe7 Nxe7 18. Rxf1 1-0